000 00505nab a2200145Ia 4500
003 ES-SlBCS
005 20210601125514.0
008 140529s1998 xxu||||| |||| 00| 0 eng d
041 _aeng
100 1 _aPedreira, Jorge M.
_9159492
245 0 0 _aTo have and to Have not. The Economic Consequences of Empire: Portugal (1415-1822)
_c Jorge M. Pedreira
651 4 _aPortugal-Imperio Económico
_9159493
773 0 _tRevista de Historia Economica
_gvol. 16, nº. 1, 1998, págs. 93-121
_wRev701
942 _cAR
999 _c531397
_d531397